000 01012nam0a22002891 4500
001 rc\4969814
005 20250613052209.0
021 _aRU
_b[65-72888]
035 _a(NLR Aleph) 008962981
090 _a9076105
_c9076105
100 _a20130426d1965 |||y0rusy50 ca
101 0 _arus
102 _aRU
105 _aa z |||||
200 1 _aБыстрорастущий пирамидальный тополь
_fАкад. наук Молд. ССР. Ботан. сад
210 _aКишинев
_cКартя молдовеняскэ
_d1965
215 _a39 с.
_cил.
_d20
320 _aБиблиогр.: с. 37-39
606 _aТополь пирамидальный
_2psbo
700 1 _7ca
_8rus
_aРыбин
_bВ. А.
_cд-р биол. наук
_f1893-1979
_gВладимир Алексеевич
_9265941
_3RU\NLR\AUTH\770265997
701 1 _aРуденко
_bИ.С.
801 0 _aRU
_bNLR
_gpsbo
801 1 _aRU
_bELAR
_2rusmarc
852 _aNLR
_j65-4/14735
942 _cBOOK
980 _aNB